| 000 | 00483nam a2200193Ia 4500 | ||
|---|---|---|---|
| 003 | GCL | ||
| 008 | 140319s9999 xx 000 0 eng d | ||
| 040 |
_aGCL / _cGCL |
||
| 082 | 0 | 4 |
_a297.1987 _bV I |
| 100 | 1 | _aVATIKIOTIS, P.J. | |
| 245 | 1 | 0 |
_aISLAM AND THE STATE / _cVATIKIOTIS, P.J. |
| 260 |
_a[S.N] : _bROUTLEDGE ، _c1991 |
||
| 300 | _a136 P | ||
| 650 | 0 | 4 | _aنجد |
| 650 | 0 | 4 | _aNATIONALISM |
| 650 | 0 | 4 | _aISLAM - THE STATE |
| 650 | 0 | 4 | _aRELIGIOUS ASPECTS |
| 942 |
_2ddc _cBK |
||
| 999 |
_c25118 _d25118 |
||